Responses for Show #8557 - Tuesday, January 18, 2022

Amy Schneider game 35.

Contestants

[<< previous game]

Taryn Agati, a law librarian from Watertown, Connecticut

Dan Tobin, a college instructor from Manchester, New Hampshire

Amy Schneider, an engineering manager from Oakland, California (whose 34-day cash winnings total $1,148,600)

[next game >>]

Jeopardy! Round responses

THE MUPPET NAME
MEDICAL HISTORY
YOU PLAYED YOURSELF
I WANT 2 B
(Ken: Each response will begin with the letter B and will have another letter B somewhere later in the word.)
A PART OF IT
NEW JERSEY, NEW JERSEY
    $200 12
Oscar

Amy
    $200 15
a thermometer

Amy
    $200 1
Larry David

Amy
    $200 27
a blackboard

Amy
    $200 22
a cosmopolitan

Amy
    $200 7
Princeton

Amy
    $400 13
Grover

Amy
    $400 18
Band-Aid

Taryn
    $400 2
BoJack Horseman

Taryn
    $400 28
a blurb

Amy
    $400 23
a subsidiary

Dan
    $400 8
the George Washington Bridge

Taryn
    $600 14
Zoe

Taryn
    $600 19
penicillin

Amy
    $600 4
Jean-Claude Van Damme

Dan
    $600 29
a bauble

Amy
    $600 24
the Red Sox

Amy
    $600 9
Bon Jovi

Amy
    $800 16
Bert

Amy
    $800 20
rabies

Amy
    $800 5
Zoolander

Amy
    $800 3
bebop

Amy
    $4,000 25
(Amy: What is... the hypothalamus?)

the brain stem

Amy
    $800 10
Atlantic City

Amy
    $1000 17
(Dan: What is Gomer?)

Ernie

AmyDan
    $1000 21
an IUD

Amy
    $1000 6
Julia Roberts

Taryn
    $1000 30
babushka

Amy
    $1000 26
the nave

Dan
    $1000 11
Phil Murphy

Triple Stumper

Scores at the first commercial break (after clue 15):

Amy Dan Taryn
$4,200 $600 $2,400

Scores at the end of the Jeopardy! Round:

Amy Dan Taryn
$7,400 $1,000 $2,800

Double Jeopardy! Round responses

ESCAPIST LITERATURE
MURALS
INTERNATIONAL CARS
WORLD HISTORY
7-LETTER ANAGRAMS
DEEP CUTS
    $400 16
a POW camp

Amy
    $400 11
Kobe Bryant

Amy
    $400 2
(Dan: What is Daimler?)

Fiat

DanTaryn
    $400 1
feudalism

Amy
    $400 27
serpent & present

Amy
    $400 21
Blake Shelton

Taryn
    $6,000 17
Florence

Amy
    $800 12
Truman

Amy
    $800 6
Mercedes

Dan
    $800 7
Machiavelli

Amy
    $800 28
(Amy: What is warn and...)
(Taryn: Uh, what is alert and alter?)

alerted & altered

AmyTaryn
Triple Stumper
    $800 23
Coldplay

Amy
    $1200 18
Uncle Tom's Cabin

Amy
    $1200 13
Detroit

Amy
    $1200 8
Datsun

Amy
    $1200 5
Sri Lanka

Amy
    $1200 29
verbose & observe

Taryn
    $1200 24
Lizzo

Triple Stumper
    $1600 19
Pip

Amy
    $1600 14
(Taryn: Who is Degas?)

Matisse

AmyTaryn
    $1600 9
India

Amy
    $1600 4
Saladin

Dan
    $1600 22
gallery & allergy

Amy
    $1600 25
Amy Winehouse

Amy
    $2000 20
[Applause for Amy running the category]

A Connecticut Yankee in King Arthur's Court

Amy
    $2000 15
Leda

Amy
    $2,000 10
(Ken: From the former Yugoslavia, that's correct.)

a Yugo

Amy
    $2000 3
(Taryn: What is Agincourt?)

the Battle of Crécy

Taryn
Triple Stumper
    $2000 30
capitol & optical

Dan
    $2000 26
Daft Punk

Triple Stumper

Scores at the end of the Double Jeopardy! Round:

Amy Dan Taryn
$35,400 $5,000 $400
(lock game)

[wagering suggestions for these scores]

Final Jeopardy! Round responses

AWARDS AROUND THE WORLD
(Ken: [To Dan] Named for the playwright of Tartuffe and The Misanthrope.)
TarynWhat is ?
$400
DanWhat is Moliere?
$500
AmyWhat is the Cyrano? Voltaire?
$20,000
the Molière Award

Final scores:

Amy Dan Taryn
$15,400 $5,500 $0
35-day champion: $1,164,000 2nd place: $2,000 3rd place: $1,000

Game dynamics:

Coryat scores:

Amy Dan Taryn
$34,200 $5,000 $400
40 R
(including 2 DDs),
2 W
(including 1 DD)
6 R,
2 W
8 R,
3 W

Combined Coryat: $39,600

[game clues] [game scores] [suggest correction]

Game tape date: 2021-11-08
The J! Archive is created by fans, for fans. Scraping, republication, monetization, and malicious use prohibited; this site may use cookies and collect identifying information. See terms. The Jeopardy! game show and all elements thereof, including but not limited to copyright and trademark thereto, are the property of Jeopardy Productions, Inc. and are protected under law. This website is not affiliated with, sponsored by, or operated by Jeopardy Productions, Inc. Join the discussion at JBoard.tv.